| 000 | 01178nam a2200277 a 4500 | ||
|---|---|---|---|
| 001 | 78161 | ||
| 003 | BD-RjUL | ||
| 005 | 20211209083109.0 | ||
| 008 | 210403s2006 su ||||| |||| 00| 0 ara d | ||
| 020 | _a9772972751 | ||
| 020 | _a9789772972753 | ||
| 035 | _a(BD-RjUL)78387 | ||
| 040 |
_aBD-RjUL _beng _cBD-RjUL |
||
| 041 | _aara | ||
| 082 |
_223 _a297.1220253 _bASM 2006 |
||
| 100 |
_aعصر, صبحي عبد الرؤوف. ; ; 'Asar, Subhi 'Abd al-Ra'uf _9246719 |
||
| 245 |
_a المعجم الموضوعى لأيات القران الكريم ;; al mejm al mawdueaa li'ayat al Quran al karim / _cصبحى عبد الرؤف عصر؛ أحمد مصطفى قاسم الطهطاوي. طهطاوي، أحمد مصطفى قاسم. ; ; Subhi 'Abd al-Ra'uf 'Asar; Ahmad Mustafa Qasim Tahtawi |
||
| 260 |
_aالقاهره : . _bدار الفضيلة, _c٢٠٠٦ |
||
| 260 |
_aal-Qahirah : _b Dar al-Fadilah, _c2006 |
||
| 300 |
_a542 pages ; _c 25 cm |
||
| 500 | _aIncludes indexes. | ||
| 650 |
_aQur'an _v Indexes, Topical. _9246720 |
||
| 700 |
_a Ahmad Mustafa Qasim Tahtawi _9246730 |
||
| 700 |
_a طهطاوي، أحمد مصطفى قاسم _9246722 |
||
| 942 |
_2ddc _cREF |
||
| 999 |
_c78161 _d78161 |
||